| 000 | 00526nam a2200181 a 4500 | ||
|---|---|---|---|
| 005 | 20140412111324.0 | ||
| 008 | 001113s19uu xx 00 eng d | ||
| 020 | _a0-7853-1138-6 | ||
| 050 |
_aER _bPe31 1991 |
||
| 245 |
_aPeter rabbit / _ceditor Emily Thorton Calvo. |
||
| 260 |
_a[s.1] : _bNew Seasons, _c1991. |
||
| 300 | _a[15] p. ; ill. | ||
| 440 | _aMy Little Book About | ||
| 500 | _aBased on the original story of Beatrix Potter | ||
| 650 | _aRabbits -- Stories | ||
| 650 | _aRabbits -- Fiction | ||
| 999 |
_c104500 _d104500 |
||